| 000 | 008140000a22002290004500 | ||
|---|---|---|---|
| 003 | LK-CoMWRAF | ||
| 005 | 20231109133738.0 | ||
| 008 | 230817t1995 ||||| |||| 00| 0 eng d | ||
| 020 | _a0415911044 | ||
| 040 |
_aLK-CoMWRAF _dLK-CoMWRAF _eLK-CoMWRAF |
||
| 041 | _aeng | ||
| 082 |
_a303.48 _bJAY |
||
| 100 | _aJayawardena, Kumari | ||
| 245 |
_aThe White Woman's Other Burden: _bWestern Women and South Asia during British Rule |
||
| 260 |
_aNew York: _bRoutledge, _c1995 |
||
| 300 |
_ax, 310 pages : ill. ; 24 cm _bBibliography and index included |
||
| 650 | _aWHITE WOMEN-COLONIES-Great Britain-History | ||
| 650 | _aWomen social reformers -- Great Britain -- Colonies -- History | ||
| 650 | _aWomen -- South Asia -- Social conditions | ||
| 650 | _aGreat Britain -- Colonies -- Asia -- History | ||
| 942 | _cBK | ||
| 999 |
_c167 _d167 |
||